000 00662nam a2200181 a 4500
001 000038499
005 20250502073820.0
008 130412s1985 000 spa d
040 _aDO-SdBNP
_bspa
_cBNPHU
100 1 _aDanín Lobo, Luis Carlos
_922286
245 1 0 _aIntroducción al estudio de organización y métodos /
_cLuis Carlos Danín Lobo.
250 _a4a ed.
260 _aSanto Domingo :
_bONAP ,
_c1985.
300 _a93 p. :
_bil. ;
_c21 cm.
490 1 _aColección estudios administrativos
_v2
710 1 _aRepública Dominicana.
_bOficina Nacional de Administración y Personal
_926398
830 0 _aColección estudios administrativos
_n2
_964853
999 _c37989
_d37989